Detalles MARC
| 000 -LÍDER |
| Campo fijo de descripción fija |
01740cam a2200349 i 4500 |
| 001 - NÚMERO DE CONTROL |
| Campo de control |
768714001 |
| 003 - IDENTIFICADOR DEL NÚMERO DE CONTROL |
| Campo de control |
CO-MdFUSB |
| 005 - FECHA Y HORA DE LA ULTIMA TRANSACCIÓN |
| control field |
20201020154832.0 |
| 007 - CAMPO FIJO DE DESCRIPCIÓN FIJA--INFORMACIÓN GENERAL |
| Campo fijo de descripción fija |
ta |
| 008 - ELEMENTOS DE LONGITUD FIJA -- INFORMACIÓN GENERAL |
| Campo fijo de descripción fija -- Información general |
940202t2010 miuab b 001 0 eng |
| 010 ## - NÚMERO DE CONTROL DE LA BIBLIOTECA DEL CONGRESO |
| Número de control LC |
94005571 |
| 020 ## - NÚMERO INTERNACIONAL NORMALIZADO PARA LIBROS |
| Número Internacional Normalizado del libro |
0802807364 |
| información de calificación |
(alk. paper) |
| 020 ## - NÚMERO INTERNACIONAL NORMALIZADO PARA LIBROS |
| Número Internacional Normalizado del libro |
9780802807366 |
| información de calificación |
(alk. paper) |
| 020 ## - NÚMERO INTERNACIONAL NORMALIZADO PARA LIBROS |
| Número Internacional Normalizado del libro |
028104774X |
| información de calificación |
(cased) |
| 020 ## - NÚMERO INTERNACIONAL NORMALIZADO PARA LIBROS |
| Número Internacional Normalizado del libro |
9780281047741 |
| información de calificación |
(cased) |
| 040 ## - FUENTE DE CATALOGACIÓN |
| Agencia de catalogación original |
DLC |
| Idioma de catalogación |
eng |
| Agencia que realiza la transcripción |
CO-MdFUSB |
| Agencia que realiza la modificación |
UKM |
| -- |
CO-MdFUSB |
| -- |
BAKER |
| -- |
NLGGC |
| -- |
BTCTA |
| -- |
LVB |
| -- |
YDXCP |
| -- |
HEBIS |
| -- |
YJL |
| -- |
TXBXL |
| -- |
OCLCO |
| -- |
OCLCA |
| -- |
OCLCQ |
| -- |
CFT |
| -- |
OCLCA |
| -- |
OCLCQ |
| -- |
NLC |
| -- |
OCLCA |
| -- |
DHA |
| -- |
OCLCQ |
| -- |
OCLCO |
| -- |
XFF |
| -- |
TYC |
| -- |
OCLCO |
| -- |
OCLCQ |
| -- |
OCLCF |
| -- |
OCLCO |
| -- |
BRL |
| -- |
KFH |
| -- |
SJG |
| -- |
INT |
| -- |
OCLCQ |
| -- |
OCLCO |
| -- |
EUM |
| -- |
OCLCQ |
| -- |
OCLCO |
| -- |
CBA |
| -- |
L2U |
| -- |
OCLCO |
| -- |
BUF |
| -- |
OCLCO |
| Convenciones de la descripción |
rda |
| 041 ## - CÓDIGO DE IDIOMA |
| Código de idioma para texto/pista de sonido o título separado |
eng |
| 082 ## - NÚMERO DE CLASIFICACIÓN DECIMAL DEWEY |
| Número de la edición del Dewey |
23 |
| Número de clasificación |
296.155 |
| Clave de autor-Numero de item |
V23 |
| 100 1# - ASIENTO PRINCIPAL--NOMBRE PERSONAL |
| Nombre personal |
VanderKam, James C. |
| 245 14 - TÍTULO |
| Título del Material |
The Dead Sea scrolls today / |
| Mención de responsabilidad, etc. |
James C. VanderKam. |
| 264 #1 - PRODUCCIÓN, PUBLICACIÓN, DISTRIBUCIÓN, MANUFACTURA, Y COPYRIGHT |
| Lugar de producción, publicación, distribución, manufactura |
Grand Rapids, Mich. : |
| Nombre del productor, publicador, distribuidor |
Wm. B. Eerdmans Publishing Company, |
| Fecha de producción, publicación, distribución, manufactura, o copyright |
[2010] |
| 264 #4 - PRODUCCIÓN, PUBLICACIÓN, DISTRIBUCIÓN, MANUFACTURA, Y COPYRIGHT |
| Fecha de producción, publicación, distribución, manufactura, o copyright |
© 2010 |
| 300 ## - DESCRIPCIÓN FÍSICA |
| Extensión |
xiii, 208 páginas : |
| Otros detalles físicos |
ilustraciones, mapas ; |
| Dimensiones |
23 cm. |
| 336 ## - CONTENT TYPE |
| Content type term |
texto |
| Content type code |
txt |
| Source |
rdacontent. |
| 337 ## - MEDIA TYPE |
| Media type term |
sin mediación |
| Media type code |
n |
| Source |
rdamedia. |
| 338 ## - CARRIER TYPE |
| Carrier type term |
volumen |
| Carrier type code |
nc |
| Source |
rdacarrier. |
| 505 0# - NOTA DE CONTENIDO |
| Nota de contenido con formato preestablecido |
1. Descubrir1. Descubrimientos - 2. Estudio de los manuscritos - 3. Identificación del grupo Qumran - 4. Qumran Esenios - 5. Los Rollos y el Antiguo Testamento - 6. Los Rollos y el Nuevo Testamento - 7. Controversias sobre The Dead Sea Scrolls.ries - 2. Estudio de los manuscritos - 3. Identificación del grupo Qumran - 4. Qumran Essenes - 5. Los rollos y el Antiguo Testamento - 6. Los rollos y el Nuevo Testamento - - 7. Controversias sobre los Rollos del Mar Muerto. |
| 942 ## - TIPO DE MATERIAL (KOHA) |
| Tipo de Item KOHA |
Libros General |
| 945 ## - LOCAL PROCESSING INFORMATION (OCLC) |
| a |
JTF-925 |